000 00905nam a2200253 a 4500
001 1846
005 20140414131855.0
008 010423s19uu xx 00 eng d
020 _a0-89686-704-8
050 _aM 910.92
_bN74 1993
100 _aNoonan, Jon
245 _aMarco Polo /
_cby Jon Noonan ; illustrated by Yoshie Miyake.
250 _a1st Ed
260 _aNew York :
_bCrestwood House,
_c1993.
300 _a48 p. : ill. ; cm.
440 _aExplorers
500 _aIncludes index.
520 _aDescribes the life and journey of the Italina trader who became famous for his travels in Asia.
650 _aPolo, Marco, 1254-1323? - Journeys - Juvenile literature.
650 _aVoyages and travels - Juvenile literature.
650 _aExplorers - Italy - Biography - Juvenile literature.
650 _aChina - Discovery and travel to 1900 - Juvenile literature.
999 _c110401
_d110401